Humpty Dumpty and friends [
| Format: | Book |
|---|---|
| Published: |
s.l :
s.n ,
19-
|
| Subjects: |
MARC
| LEADER | 00000cam a2200000 7i4500 | ||
|---|---|---|---|
| 001 | 0000002234 | ||
| 002 | 000002435 | ||
| 005 | 20021014.0 | ||
| 020 | |a 000002435 | ||
| 090 | 0 | 0 | |a J 398.8 |b HUM |
| 245 | 0 | 0 | |a Humpty Dumpty and friends [ |h video recording] |
| 260 | |a s.l : |b s.n , |c 19- | ||
| 300 | |a 1 Video recording VHS (60 minutes) : |b col.(PAL) | ||
| 500 | |a Library has 1 copy | ||
| 650 | 0 | 0 | |a Cartoons musical |
| 999 | |a 00130 |b VIDEO |c KOLEKSI AUDIO VIDEO |e PERPUSTAKAAN KOMUNITI PETALING JAYA | ||